=LDR 00000nam 2200000 4500 =001 NUTBA000000000001375 =005 20200303103632 =035 ##$$a 0010-041400000000645 =008 200303################g##########0#ind## =020 ##$$a 978-979-27-4988-5 =082 ##$$a 158.1 =245 ##$$a Make your life yummy : $b Saatnya bekerja jadi koki mental untuk membuat racikan menyala dan hidup lebih menyenangkan : Pangkalan ide =260 ##$$a Jakarta :$b Elex Media Komputindo,$c 2009 =300 ##$$a 274 Hlm : $b Ilus ; $c 14 x 21 Cm =084 ##$$a 158.1 MAK =650 #4$$a Sukses =520 ##$$a Bibliografi : Hlm. 271 - 272 =990 ##$$a 21194958/BPAP-NTB/2014 =990 ##$$a 0001/BPAP-NTB/20142014 =990 ##$$a 0001/BPAP-NTB/2016